000 01072cam a22002054a 4500
005 20250605164111.0
008 250528s ||||||||||||||||||||||||d
035 _a17887
020 _a9781856178006
040 _aGR-AtMCL
_bgre
_dGR-AtMCL
_eAACR2
245 1 _aTeam Roles at Work / Second Edition
250 _a2nd
260 _bRouledge,
_c2010
300 _a160
520 _aThis book explores the impact of Team Roles from interpersonal chemistry and managing difficult relationships, to cultivating effective leaders and shaping organizations. Preface, How Roles at Work Emerged, The Qualifications Mystery, Emergence of a Team Role Language, Eligibility Versus Suitability, Coherent and Incoherent Role Profiles, Interpersonal Chemistry in the Workplace, Managing Difficult Working Relationships, A Strategy for Self-Management, The Art of Building a Team, The Management of Succession, Leadership for the Modern World, The Changing Shape of Organization, Index.
700 1 _aBelbin Meredith R.
_94182
942 _cBK
999 _c3286
_d3286